| 000 | 00774nam a2200229Ii 4500 | ||
|---|---|---|---|
| 003 | JO-AjNU | ||
| 008 | 230605s9999||||xx |||||||||||||| ||und|| | ||
| 017 | _a2003/14836 | ||
| 020 | _a977-01-8071-8 | ||
| 040 |
_aJO-AjNU _bara _erda _cJO-AjNU |
||
| 041 | _aara | ||
| 050 | 1 | 4 | _aDF77.2003 |
| 100 | 3 |
_aخوس، بلوطر؛ ترجمة داود، ميخائيل بشارة, _eauthor _939579 |
|
| 245 | 0 | 0 | _aالعظماء: عظماء اليونان والرومان والموازنة بينهم |
| 250 | _aط2 | ||
| 264 | 3 | 1 | _aالقاهرة: الهيئة المصرية العامة للكتاب،2003 |
| 300 | _a299ص | ||
| 336 |
_atext _btxt _2rdacontent |
||
| 337 |
_aunmediated _bn _2rdamedia |
||
| 338 |
_avolume _bnc _2rdacarrier |
||
| 650 | 4 |
_aتراجم _939580 |
|
| 999 |
_aA16727 _c20295 _d20295 |
||